| 000 | 00684nam a2200265Ia 4500 | ||
|---|---|---|---|
| 008 | 170711s9999 xx 000 0 und d | ||
| 020 | _a1582971528 | ||
| 050 | _a70.5 | ||
| 050 | _bAg265 2002 | ||
| 245 | _aAgents, editors, and you : | ||
| 245 | _bthe insider's guide to getting your book published / | ||
| 245 | _cedited by Michelle Howry. | ||
| 260 | _aUSA : | ||
| 260 | _bWriter's Digest, | ||
| 260 | _c2002 | ||
| 300 | _a260 pages : | ||
| 300 | _billustrations ; | ||
| 300 | _c23cm. | ||
| 500 | _aIncludes index. | ||
| 650 | _aAuthors and publishers. | ||
| 650 | _aAuthorship -- | ||
| 650 | _aEditing. | ||
| 650 | _xMarketing. | ||
| 700 | _aHowry, Michelle. | ||
| 999 |
_c339682 _d339682 |
||